Panorama du théâtre : des origenes à nos jours /

Bewaard in:
Bibliografische gegevens
Hoofdauteur: Chancerel, Léon (autor)
Formaat: Boek
Taal:Frans
Gepubliceerd in: París, Francia : Librairie Armand Colin, 1955, c1955
Reeks:(Armand Collin ; 305)
Onderwerpen:
Tags: Voeg label toe
Geen labels, Wees de eerste die dit record labelt!

MARC

LEADER 00000nam^a2200000^a^4500
001 000271458
005 20250521000000.0
009 20260310111028.939
037 |a Acervo Xavier Clavigero 
041 |a FRA 
082 |a 792. 09  |b CHA 
100 |a Chancerel, Léon  |e (autor) 
245 1 0 |a Panorama du théâtre :  |b des origenes à nos jours /  |c L. Chancerel. 
264 4 |a París, Francia :  |b Librairie Armand Colin,  |c 1955, c1955 
300 |a 219 p. 
336 |a texto  |b txt  |2 rdacontenido 
337 |a sin mediación  |b n  |2 rdamedio 
338 |a volumen  |b nc  |2 rdasoporte 
440 1 |a (Armand Collin ;  |v 305) 
649 |a XX 
650 |a Teatro -  |x Historia y Crítica -  |x Tema Principal 
650 |a Artes Escénicas -  |x Historia y Crítica 
910 |a Fondo General 
920 |a Impresos - Libros 
930 |a Colección General 
940 |a Literatura 
905 |a 101 
901 |a 0500157230  |b IT1  |c LIT  |u 20250521 
902 |a https://opac.biblio.iteso.mx/vufind/Record/000271458